00305 2200145 4500245003600000250001100036100001400047650001000061005001900071260001400090041001400104084001000118300002200128336000900150 aMy Aqua MarinecYuna SetohText aCet. 1 aYuna Seto aKomik a20230202085936 bSS Comics aIndonesia a741.5 ailus. :c17,5 cm. atext